| 000 | 01207namaa2200313 i 4500 | ||
|---|---|---|---|
| 003 | EG-GICUC | ||
| 005 | 20260215105714.0 | ||
| 008 | 260215s1973 iq |||jr|||| 001 p ara d | ||
| 017 |
_a1973 / 583 _bالمكتبة الوطنية (العراق) |
||
| 040 |
_aEG-GiCUC _bara _cEG-GiCUC _dEG-GiCUC _erda |
||
| 082 | 0 | 4 |
_221 _a811.94 _bA655 |
| 092 | 0 | 4 |
_221 _a811.94 _bA655 |
| 099 | _a811.94 A655 | ||
| 100 | 1 |
_aبن عقيل، عمارة _eمؤلف. |
|
| 245 | 1 |
_aديوان عمارة بن عقيل / _cجمعه وحققه شاكر العاشور. |
|
| 250 | _aالطبعة الاولى | ||
| 264 |
_a[بغداد (العراق)] : _bوزارة الاعلام، _c1973. |
||
| 300 |
_a170 صفحة ؛ _c24 سم |
||
| 336 |
_2rdacontent _atext |
||
| 337 |
_2rdamedia _aUnmediated |
||
| 338 |
_2rdacarrier _avolume |
||
| 504 | _aيشتمل على ارجاعات ببليوجرافية وكشاف. | ||
| 541 |
_aد. جابر عصفور ؛ _bالقاهرة ؛ _cإهداء ؛ _d2024. |
||
| 650 | 1 | 7 |
_aالشعر العربى _xتاريخ ونقد _zالعصر العباسى _2qrmak |
| 651 | 1 | _2qrmak | |
| 700 | 1 |
_aالعاشور، شاكر _eمجمع. _eمحقق. |
|
| 905 | _aAya | ||
| 942 |
_2ddc _cBK _e21 _n0 |
||
| 999 |
_c178476 _d178476 |
||